000 01842nam a22003617a 4500
005 19970904051429.3
008 970904m19271929ii a 001 0aeng
010 _aENG-95761
020 _a9788183280686
_c695.00
020 _a8183280684
_c695.00
035 _aEN-79294
037 _bDBAD/PUB
040 _aDPL
082 _a781.690954
100 _aChaudhuri, Debu.
_931087
245 _aClassical Music /
_c text by Debu Chaudhuri ; photographs by Avinash Pasricha
260 _aNew Delhi
_bWisdom Tree Academic
_c2007
270 _a4779/23, Ansari Road, Darya Ganj
_bNew Delhi
_e110002
300 _a106p. ;
_c22 cm.(Hb)
_b ill. (some col.)
490 _aIncredible India / edited by Varsha Das
_931088
500 _a "By arrangement with Department of Tourism, Ministry of Culture, Government of India."
650 _aMusic
_zIndia
_xHistory and criticism.
_931089
650 _aHindustani music
_xHistory and criticism.
_91187
650 _aCarnatic music
_xHistory and criticism.
_931090
700 _aPasrich, Avinash
_931091
700 _aDas, Varsha
_931092
942 _2ddc
_cEN
_mCHA
_h781.690954
999 _c33506
_d33506